| 000 | 00556pam a2200169 a 4500 | ||
|---|---|---|---|
| 020 | _a0256159661 (package) | ||
| 020 | _a0256159645 (book) | ||
| 040 | _cDLC | ||
| 082 | 0 | 0 | _a005 LRW 1994 A003 Or. |
| 100 | 1 | _aSalmon, W. | |
| 245 | 1 | 0 |
_aStructures and abstractions : _ba brief introduction to Turbo Pascal (5.x, 6.x, 7.0) / |
| 260 |
_aBurr Ridge, Ill. : _bIrwin, _cc1994. |
||
| 300 |
_a1 v. (various pagings) : _bill. ; _c26 cm. + _e1 computer disk (3 1/2 in.) |
||
| 650 | 0 | _aPascal (Computer program language) | |
| 700 | 1 | _aSalmon, Edward L. | |
| 942 | _cEK | ||
| 999 |
_c16445 _d16445 |
||